| 000 | 00461nam a2200169 i 4500 | ||
|---|---|---|---|
| 001 | 101788 | ||
| 003 | ES-MaACL | ||
| 005 | 20230906182959.0 | ||
| 007 | t| | ||
| 008 | 051025s1916 fr ||||1| spa d | ||
| 100 | 1 |
_aMelgar, Francisco ( _d1903-1971) _979948 |
|
| 245 | 1 | 3 |
_aLa mentira anĂ³nima / _cFrancisco Melgar. |
| 260 |
_aParis : _bBlond et Gay, _c1916. |
||
| 300 |
_a32 p. ; _c17 cm. |
||
| 852 |
_aES-MaACL _jFol-Laf-544 |
||
| 852 |
_aES-MaACL _j1547-F-4 |
||
| 999 |
_c101788 _d101788 |
||